Foreign markets for tractors.

Bibliographic Details
Other Authors: Martin, Charles D.
Format: Government Document eBook
Language:English
Published: [Washington?] : U.S. Government Printing Office, 1927.
Series:Trade Info. Bull. No. 502
Subjects:
Online Access:Connect to the full text of this electronic document

MARC

Tag First Indicator Second Indicator Subfields
LEADER 00000cam a22000001a 4500
001 in00003667039
005 20190408175101.0
006 m o d f
007 cr bn mmmapmmp
008 040714s1927 dcu o f000 0 eng d
035 |a ebd1910205537 
040 |a UMI  |c UMI  |d UtOrBLW 
086 0 |a C 18.25:502 
099 |a C18.25-502 
245 0 0 |a Foreign markets for tractors. 
264 1 |a [Washington?] :  |b U.S. Government Printing Office,  |c 1927. 
300 |a 1 online resource (ii, 53 pages) 
336 |a text  |b txt  |2 rdacontent 
337 |a computer  |b c  |2 rdamedia 
338 |a online resource  |b cr  |2 rdacarrier 
490 0 |a Trade Info. Bull. No. 502 
500 |a [On conditions and opportunities for U.S. exporters; with data on U.S. exports to selected countries and regions] 
500 |a Record is based on bibliographic data in ProQuest U.S. Executive Branch Documents, 1910-1932. Reuse except for individual research requires license from ProQuest, LLC. 
533 |a Electronic reproduction.  |b [Bethesda, Md.] :  |c ProQuest,  |d 2012.  |e digital, PDF file.  |n ProQuest U.S. Executive Branch Documents, 1910-1932.  |n Mode of access: World Wide Web via ProQuest website. 
538 |a System requirements: PDF reader software. 
500 |a Electronic resource. 
650 0 |a Tractors.  |0 http://id.loc.gov/authorities/subjects/sh85136466 
655 7 |a Electronic books.  |2 local 
700 1 |a Martin, Charles D. 
776 1 8 |i Microfiche version:  |t Foreign markets for tractors  |o CIS US Exec MF C18.25-502  |w (ProQuest)cis19125043 
856 4 0 |u http://proxy.library.tamu.edu/login?url=http://congressional.proquest.com/congressional/docview/t66.d71.c18.25-502  |z Connect to the full text of this electronic document  |t 0 
999 f f |s 1303b999-68c7-3fe6-8748-abf0cfcfa116  |i 0c05b297-ab40-3e45-b612-0f1ce830a96e  |t 0 
952 f f |a Texas A&M University  |b College Station  |c Electronic Resources  |d Available Online  |t 0  |h No information provided 
998 f f |t 0  |l Available Online